[PAROLES] - A bon entendeur - LARTISTE- Paroles - Statistiques

Statistiques générales
  • Ce quiz a été pris 44 fois
  • Le résultat moyen est 452 sur 692
Statistiques - réponses
Paroles % Correct
à
100%
a
100%
c
97%
C
97%
ça
97%
Ce
97%
ce
97%
comme
97%
Comme
97%
d
97%
de
97%
De
97%
es
97%
Et
97%
et
97%
l
97%
la
97%
97%
La
97%
le
97%
m
97%
me
97%
mec
97%
n
97%
s
97%
se
97%
Si
97%
si
97%
T
97%
t
97%
ces
93%
est
93%
j
93%
J
93%
qu
93%
Qu
93%
sa
93%
ta
93%
tu
93%
Tu
93%
Au
90%
elle
90%
Elle
90%
mecs
90%
pas
90%
peut
90%
qui
90%
Qui
90%
te
90%
ai
86%
as
86%
dit
86%
les
86%
ma
86%
nous
86%
sera
86%
un
86%
Un
86%
bonne
83%
comment
83%
faire
83%
Il
83%
il
83%
moi
83%
Moi
83%
Purple
83%
que
83%
Que
83%
retour
83%
vu
83%
y
83%
en
79%
je
79%
Je
79%
mère
79%
case
76%
départ
76%
Money
76%
On
76%
on
76%
personne
76%
sépare
76%
tape
76%
daronne
72%
éparpille
72%
Fait
72%
fait
72%
monnaie
72%
sang
72%
suis
72%
tout
72%
Tout
72%
coupable
69%
des
69%
Des
69%
du
69%
eau
69%
été
69%
Mais
69%
Obligé
69%
part
69%
Petit
69%
plaider
69%
Poto
69%
pour
69%
sur
69%
terre
69%
Terre
69%
tes
69%
toi
69%
ton
69%
va
69%
Autour
66%
autour
66%
charbonné
66%
compares
66%
gros
66%
Même
66%
même
66%
oseille
66%
Wesh
66%
aussi
62%
baise
62%
biberonné
62%
console
62%
eux
62%
mafieux
62%
Mafieux
62%
mes
62%
Parce
62%
parce
62%
sermonner
62%
vous
62%
bonnet
59%
couilles
59%
écrasent
59%
Enlève
59%
femmes
59%
go
59%
gueule
59%
regarde
59%
Sinon
59%
aimerais
55%
beaucoup
55%
chapeau
55%
crise
55%
dans
55%
devenir
55%
dire
55%
franchement
55%
joue
55%
pendant
55%
Pendant
55%
plus
55%
triste
55%
Cendrillon
52%
Chez
52%
Faut
52%
faux
52%
films
52%
guerre
52%
impôts
52%
moindre
52%
paie
52%
paquet
52%
uc
52%
bien
48%
brise
48%
entre
48%
gâteau
48%
gratte
48%
jambes
48%
nos
48%
Ou
48%
poucavent
48%
Reparle
48%
secret
48%
string
48%
avec
45%
Bateau
45%
bezoul
45%
Bienvenue
45%
cités
45%
dansent
45%
marre
45%
officiel
45%
rappe
45%
scoop
45%
sous
45%
Sous
45%
super
45%
temps
45%
tété
45%
trop
45%
truc
45%
trucs
45%
vite
45%
artiste
41%
autotune
41%
bonhomme
41%
boss
41%
commercial
41%
crari
41%
déblatère
41%
fermes
41%
France
41%
George
41%
grattes
41%
méchant
41%
Méfie
41%
Pablo
41%
quelqu
41%
rebeu
41%
refuserait
41%
renoi
41%
tue
41%
Alcool
38%
changer
38%
cochonnes
38%
consomme
38%
Dites
38%
était
38%
feras
38%
logiciel
38%
luxe
38%
Michael
38%
Paris
38%
perruque
38%
petits
38%
rien
38%
soleil
38%
Tester
38%
tuait
38%
une
38%
vais
38%
vas
38%
Donc
34%
enlever
34%
hamdoullah
34%
Lartiste
34%
lettres
34%
mignonne
34%
Nique
34%
offres
34%
Réunion
34%
Sans
34%
sois
34%
Toujours
34%
toujours
34%
trois
34%
Versace
34%
alléchantes
31%
Aujourdhui
31%
autres
31%
Blatter
31%
blé
31%
bled
31%
briser
31%
colonne
31%
corps
31%
économe
31%
forcer
31%
légendes
31%
nuques
31%
pute
31%
relou
31%
viens
31%
Champs
28%
connaistu
28%
Élysées
28%
moins
28%
mythos
28%
Non
28%
parfumé
28%
pavé
28%
quand
28%
Remballe
28%
resfrè
28%
rue
28%
Sepp
28%
Union
28%
alcoolisé
24%
Cologne
24%
emmener
24%
enculer
24%
Envoi
24%
fois
24%
lerpar
24%
mêmes
24%
Pologne
24%
route
24%
traine
24%
traîne
24%
Western
24%
zinc
24%
arrière
21%
Avenue
21%
bats
21%
croient
21%
être
21%
Givenchy
21%
marche
21%
son
21%
Tant
21%
Transporter
21%
veut
21%
barre
17%
devant
17%
elles
17%
message
17%
père
17%
réconforter
17%
sponsorisé
17%
testraî
17%
transmet
17%
viennent
17%
aux
14%
Bologne
14%
cherche
14%
longtemps
14%
monde
14%
Moussa
14%
nord
14%
perruche
14%
shit
14%
vends
14%
93
10%
anges
10%
boussa
10%
ceux
10%
Comores
10%
déja
10%
guitare
10%
hram
10%
perd
10%
Rejoindre
10%
ressta
10%
soucis
10%
aurait
7%
brûlant
7%
carrière
7%
coke
7%
commencé
7%
corsé
7%
cru
7%
doubler
7%
escorter
7%
espère
7%
gratteur
7%
heure
7%
Lanvin
7%
Norte
7%
Oh
7%
oublie
7%
porter
7%
prières
7%
ready
7%
Rolls
7%
Souvent
7%
tispar
7%
vont
7%
Zanotti
7%
Bondy
3%
Nigga
3%
Sûrement
3%
T’inquiètes
3%
troublé
3%
Yo
3%
douaa
0%
ferais
0%
InshAllah
0%
Aucun quiz correspondant
Distribution des résultats
% des personnes avec chaque résultat
Percentile par nombre de réponses
Votre historique - résultats
Vous n’avez pas pris ce quiz